| 000 | 00656nam a22002057a 4500 | ||
|---|---|---|---|
| 003 | OSt | ||
| 005 | 20260430045549.0 | ||
| 008 | 260430b |||||||| |||| 00| 0 eng d | ||
| 020 | _a9789712378133 | ||
| 040 |
_aDWCL Main Lib. _cOC |
||
| 082 | _aFil. 741.5 An598 2016 | ||
| 110 | _aInnovative Training Works, Inc. | ||
| 245 |
_aAnimation volume I / _cInnovative Training Works, Inc. |
||
| 250 | _aFirst edition. | ||
| 260 |
_aManila, Philippines : _bRex Book Store, _cc2016. |
||
| 300 |
_avi, 294 pages : _billustrations ; _c26 cm. |
||
| 504 | _aIncludes bibliographical references and index. | ||
| 650 | _a1. Animation. | ||
| 942 |
_2ddc _cBK - FIL _n0 |
||
| 999 |
_c10117 _d10117 |
||